Тест на общие знания №32 - Statistics

General Stats
  • This quiz has been taken 41 times
  • The average score is 6 of 20
Answer Stats
Вопрос Ответ % Correct
Где находится тело Владимира Ленина? мавзолей
81%
На ком, согласно фразеологизму, горит шапка? вор
67%
На купюре с каким номиналом изображён пейзаж Красноярска? 5000 рублей
67%
Назовите самую южную страну, входящую в состав Бенилюкса Люксембург
56%
Чего не умеют делать собаки породы басенджи, что умеют делать собаки многих других пород? лаять
52%
Какой химический элемент обозначается символом Sb? сурьма
37%
Последователи какой религии поклоняются Гигантскому макаронному монстру? пастафарианство
37%
По образу какого американского президента была создана официальная LEGO-минифигурка? Авраам Линкольн
37%
К какому типу видеоигр относятся "World of Warcraft", "Lineage" и "Final Fantasy XIV"? ММОРПГ
33%
Какой знак зодиака имеет самый короткий период в году? скорпион
30%
Что готовит миксолог? коктейли
22%
Какая европейская столица названа в честь божества? Афины
22%
В состав какого созвездия входит Алиот? Большая медведица
15%
Кто в древней Греции носил обувь, на подошве которой выгравирована фраза "следуй за мной"? проститутки
15%
Какой географический объект также известен под названием Свальбард? Шпицберген
15%
Чего нет у желтопузика, чешуенога и веретеницы, что должно быть у других представителей этого отряда? ноги
15%
Какой фильм на данный момент является самым матершинным в истории, согласно Книге рекордов Гиннесса? "Волк с Уолл-стрит"
11%
В какой локации происходили события 7-й серии мультсериала "Ну, Погоди!"? корабль
11%
Как называется причёска с выбритыми висками? андеркат
11%
Кто написал оперетту "Орфей в аду"? Жак Оффенбах
7%
No matching quizzes found
Score Distribution
Percent of People with Each Score
Percentile by Number Answered
Your Score History
You have not taken this quiz